|
|
|
|
| LEADER |
02716nam a22004575i 4500 |
| 001 |
978-3-319-48944-5 |
| 003 |
DE-He213 |
| 005 |
20161104070656.0 |
| 007 |
cr nn 008mamaa |
| 008 |
161104s2017 gw | s |||| 0|eng d |
| 020 |
|
|
|a 9783319489445
|9 978-3-319-48944-5
|
| 024 |
7 |
|
|a 10.1007/978-3-319-48944-5
|2 doi
|
| 040 |
|
|
|d GrThAP
|
| 050 |
|
4 |
|a Q342
|
| 072 |
|
7 |
|a UYQ
|2 bicssc
|
| 072 |
|
7 |
|a COM004000
|2 bisacsh
|
| 082 |
0 |
4 |
|a 006.3
|2 23
|
| 245 |
1 |
0 |
|a Advances in Systems Science
|h [electronic resource] :
|b Proceedings of the International Conference on Systems Science 2016 (ICSS 2016) /
|c edited by Jerzy Świątek, Jakub M. Tomczak.
|
| 264 |
|
1 |
|a Cham :
|b Springer International Publishing :
|b Imprint: Springer,
|c 2017.
|
| 300 |
|
|
|a XI, 340 p. 116 illus.
|b online resource.
|
| 336 |
|
|
|a text
|b txt
|2 rdacontent
|
| 337 |
|
|
|a computer
|b c
|2 rdamedia
|
| 338 |
|
|
|a online resource
|b cr
|2 rdacarrier
|
| 347 |
|
|
|a text file
|b PDF
|2 rda
|
| 490 |
1 |
|
|a Advances in Intelligent Systems and Computing,
|x 2194-5357 ;
|v 539
|
| 520 |
|
|
|a This book gathers the carefully reviewed proceedings of the 19th International Conference on Systems Science, presenting recent research findings in the areas of Artificial Intelligence, Machine Learning, Communication/Networking and Information Technology, Control Theory, Decision Support, Image Processing and Computer Vision, Optimization Techniques, Pattern Recognition, Robotics, Service Science, Web-based Services, Uncertain Systems and Transportation Systems. The International Conference on Systems Science was held in Wroclaw, Poland from September 7 to 9, 2016, and addressed a range of topics, including systems theory, control theory, machine learning, artificial intelligence, signal processing, communication and information technologies, transportation systems, multi-robotic systems and uncertain systems, as well as their applications. The aim of the conference is to provide a platform for communication between young and established researchers and practitioners, fostering future joint research in systems science.
|
| 650 |
|
0 |
|a Engineering.
|
| 650 |
|
0 |
|a Computational intelligence.
|
| 650 |
|
0 |
|a Complexity, Computational.
|
| 650 |
1 |
4 |
|a Engineering.
|
| 650 |
2 |
4 |
|a Computational Intelligence.
|
| 650 |
2 |
4 |
|a Complexity.
|
| 700 |
1 |
|
|a Świątek, Jerzy.
|e editor.
|
| 700 |
1 |
|
|a Tomczak, Jakub M.
|e editor.
|
| 710 |
2 |
|
|a SpringerLink (Online service)
|
| 773 |
0 |
|
|t Springer eBooks
|
| 776 |
0 |
8 |
|i Printed edition:
|z 9783319489438
|
| 830 |
|
0 |
|a Advances in Intelligent Systems and Computing,
|x 2194-5357 ;
|v 539
|
| 856 |
4 |
0 |
|u http://dx.doi.org/10.1007/978-3-319-48944-5
|z Full Text via HEAL-Link
|
| 912 |
|
|
|a ZDB-2-ENG
|
| 950 |
|
|
|a Engineering (Springer-11647)
|